| 000 | 00794nam a2200229 i 4500 | ||
|---|---|---|---|
| 001 | 60545 | ||
| 003 | ES-MaACL | ||
| 005 | 20230906164244.0 | ||
| 007 | t| | ||
| 008 | 031105m19271928fr ||||1| fre d | ||
| 100 | 0 |
_aEsquilo. _947970 |
|
| 245 | 1 | 0 |
_aDiscours / _cEsquines ; texte établiet traduit par Víctor Martín et Guy de Budé. |
| 260 |
_aParis : _b[s.n., _c1927-1928] ( _fChartres-Durand) |
||
| 300 |
_a2 v. ; _c20 cm. |
||
| 490 | 1 | _aCollection des Universités de France | |
| 505 | 8 | _aContiene: T. I.: Contre Timarque. Sur l'ambassade infidéle. -- T. II.: Contre Ctésiphon. Lettres | |
| 700 | 1 |
_aMartín, Víctor. _977375 |
|
| 700 | 1 |
_aBudé, Guy de. _932333 |
|
| 830 | 0 |
_aCollection des Universités de France _9180876 |
|
| 852 |
_aES-MaACL _jC-6859-60 |
||
| 999 |
_c60545 _d60545 |
||